| 000 | 00648nam a2200205Ii 4500 | ||
|---|---|---|---|
| 003 | JO-AjNU | ||
| 008 | 230606s9999||||xx |||||||||||||| ||und|| | ||
| 020 | _a978-0-7486-3464-4(hardback) , 978-0-7486-3465-1(Paperback) | ||
| 040 |
_aJO-AjNU _beng _erda _cJO-AjNU |
||
| 041 | _aeng | ||
| 050 | 1 | 4 | _aPR3187.C65 2010 |
| 100 | 3 |
_aColeman, David, _eauthor _92529 |
|
| 245 | 0 | 0 | _aJohn Webster, Renaissance Dramatist |
| 264 | 3 | 1 | _aEdinburgh: Edinburgh University Press, 2010 |
| 300 | _a166P | ||
| 336 |
_atext _btxt _2rdacontent |
||
| 337 |
_aunmediated _bn _2rdamedia |
||
| 338 |
_avolume _bnc _2rdacarrier |
||
| 650 | 4 |
_aRenaissance Dramatist _92530 |
|
| 999 |
_aE1323 _c1323 _d1323 |
||